| 000 | 00654nam a2200301Ia 4500 | ||
|---|---|---|---|
| 005 | 20260401122204.0 | ||
| 008 | 008 250103s9999 xx 000 0 eng d | ||
| 020 | _a8170462711 | ||
| 037 | _aTB | ||
| 040 | _aEDL | ||
| 040 | _beng | ||
| 040 | _cEDL | ||
| 041 | _2eng | ||
| 041 | _aeng | ||
| 084 | _a894.8112 PAR | ||
| 084 | _qEDL | ||
| 100 |
_aParthasarathy, Indira _91232857 |
||
| 245 | 0 | _aAurangzeb | |
| 245 | 0 | _cParthasarathy, Indira | |
| 260 | _aCalcutta | ||
| 260 | _bSeagull Books | ||
| 260 | _c2004 | ||
| 300 | _a68p | ||
| 942 | _cTB | ||
| 942 | _h894.8112 PAR | ||
| 999 |
_c1845503 _d1845503 |
||